| 000 | 00518nam a2200205Ia 4500 | ||
|---|---|---|---|
| 008 | 170918s9999 xx 000 0 und d | ||
| 020 | _a9780545110358 | ||
| 050 | _bK655 2007 | ||
| 100 | _aKline, Suzy | ||
| 245 | _aHorrible Harry cracks the code / | ||
| 245 | _cSuzy Kline ; pictures by Frank Remkiewicz. | ||
| 260 | _aNew York : | ||
| 260 | _bScholastic, | ||
| 260 | _c2007 | ||
| 300 | _a66 pages : | ||
| 300 | _bcolored illustration ; | ||
| 300 | _c19cm. | ||
| 440 | _aHorrible Harry. | ||
| 500 | _a540 | ||
| 999 |
_c341643 _d341643 |
||